MARC details
| 000 -CABECERA |
| campo de control de longitud fija |
01442nam a2200349 a 4500 |
| 003 - IDENTIFICADOR DEL NÚMERO DE CONTROL |
| campo de control |
MX-MxUPN |
| 005 - FECHA Y HORA DE LA ÚLTIMA TRANSACCIÓN |
| campo de control |
20221129160423.0 |
| 008 - ELEMENTOS DE LONGITUD FIJA--INFORMACIÓN GENERAL |
| campo de control de longitud fija |
200212t2018 mx rb 000 0 spa d |
| 020 ## - NÚMERO INTERNACIONAL NORMALIZADO PARA LIBROS |
| Número Internacional Estándar del Libro |
9786078611034 |
| 035 ## - NÚMERO DE CONTROL DEL SISTEMA |
| Número de control de sistema |
UPN01000235542 |
| 040 ## - FUENTE DE LA CATALOGACIÓN |
| Centro catalogador/agencia de origen |
MX-MxUPN |
| Lengua de catalogación |
spa |
| Centro/agencia transcriptor |
MX-MxUPN |
| 041 0# - CÓDIGO DE IDIOMA |
| Código de lengua del texto/banda sonora o título independiente |
spa |
| 050 00 - SIGNATURA TOPOGRÁFICA DE LA BIBLIOTECA DEL CONGRESO |
| Número de clasificación |
Z211 M6 |
| Número de documento/Ítem |
M67 2018 |
| 100 1# - ASIENTO PRINCIPAL--NOMBRE PERSONAL |
| Nombre de persona |
Moreno Gamboa, Olivia |
| 9 (RLIN) |
47502 |
| 245 14 - MENCIÓN DE TÍTULO |
| Título |
Las letras y el oficio : |
| Resto del título |
novohispanos en la imprenta : México y Puebla, siglo XVIII |
| 250 ## - MENCIÓN DE EDICIÓN |
| Mención de edición |
Primera edición. |
| 260 ## - PUBLICACIÓN, DISTRIBUCIÓN, ETC. |
| Lugar de publicación, distribución, etc. |
Ciudad de México : |
| Nombre del editor, distribuidor, etc. |
Universidad Nacional Autónoma de México : |
| -- |
Instituto de Investigaciones Dr. José María Luis Mora, |
| Fecha de publicación, distribución, etc. |
©2018. |
| 300 ## - DESCRIPCIÓN FÍSICA |
| Extensión |
332 páginas |
| 490 0# - MENCIÓN DE SERIE |
| Mención de serie |
Ediciones especiales ; |
| Designación de volumen o secuencia |
92 |
| 504 ## - NOTA DE BIBLIOGRAFÍA, ETC. |
| Nota de bibliografía, etc. |
Incluye referencias bibliográficas. |
| 650 #4 - ASIENTO SECUNDARIO DE MATERIA - TERMINO TEMATICO |
| Término de materia o nombre geográfico como elemento de entrada |
Imprenta |
| Subdivisión geográfica |
Ciudad de México |
| Subdivisión general |
Historia |
| Subdivisión cronológica |
Siglo XVIII |
| 9 (RLIN) |
47494 |
| 650 #4 - ASIENTO SECUNDARIO DE MATERIA - TERMINO TEMATICO |
| Término de materia o nombre geográfico como elemento de entrada |
Imprenta |
| Subdivisión geográfica |
Puebla |
| Subdivisión general |
Historia |
| Subdivisión cronológica |
Siglo XVIII |
| 9 (RLIN) |
47495 |
| 650 #4 - ASIENTO SECUNDARIO DE MATERIA - TERMINO TEMATICO |
| Término de materia o nombre geográfico como elemento de entrada |
Libros |
| Subdivisión geográfica |
Ciudad de México |
| Subdivisión general |
Historia |
| Subdivisión cronológica |
Siglo XVIII |
| 9 (RLIN) |
47496 |
| 650 #4 - ASIENTO SECUNDARIO DE MATERIA - TERMINO TEMATICO |
| Término de materia o nombre geográfico como elemento de entrada |
Libros |
| Subdivisión geográfica |
Puebla |
| Subdivisión general |
Historia |
| Subdivisión cronológica |
Siglo XVIII |
| 9 (RLIN) |
47497 |
| 650 #4 - ASIENTO SECUNDARIO DE MATERIA - TERMINO TEMATICO |
| Término de materia o nombre geográfico como elemento de entrada |
Libros |
| Subdivisión general |
Industria y comercio |
| -- |
Historia |
| Subdivisión geográfica |
Ciudad de México |
| Subdivisión cronológica |
Siglo XVIII |
| 9 (RLIN) |
47498 |
| 650 #4 - ASIENTO SECUNDARIO DE MATERIA - TERMINO TEMATICO |
| Término de materia o nombre geográfico como elemento de entrada |
Libros |
| Subdivisión general |
Industria y comercio |
| -- |
Historia |
| Subdivisión geográfica |
Puebla |
| Subdivisión cronológica |
Siglo XVIII |
| 9 (RLIN) |
47499 |
| 651 #4 - ASIENTO SECUNDARIO DE MATERIA - NOMBRE GEOGRAFICO |
| Nombre geográfico |
Ciudad de México |
| Subdivisión general |
Impresos |
| -- |
Historia |
| Subdivisión cronológica |
Siglo XVIII |
| 9 (RLIN) |
47500 |
| 651 #4 - ASIENTO SECUNDARIO DE MATERIA - NOMBRE GEOGRAFICO |
| Nombre geográfico |
Puebla |
| Subdivisión general |
Impresos |
| -- |
Historia |
| Subdivisión cronológica |
Siglo XVIII |
| 9 (RLIN) |
47501 |
| 902 ## - ELEMENTOS DE DATOS B LOCAL, LDB (RLIN) |
| Creó |
Víctor Ruiz/291122 |
| 942 ## - ELEMENTOS DE PUNTO DE ACCESO ADICIONAL (KOHA) |
| Fuente del sistema de clasificación o colocación |
Library of Congress Classification |
| Tipo de ítem Koha |
Libro |